000 00811nam a2200241 i 4500
001 6486
003 ES-MaACL
005 20250629063118.0
007 t|
008 891124s1984 sp ||||1| spa d
020 _a84-249-0958-5
080 _a498
100 1 _aTovar, Antonio,
_d1911-1985
_9111167
245 1 0 _aCatálogo de las lenguas de América del Sur
_b: con clasificaciones, indicaciones tipológicas, bibliografía y mapas /
_cAntonio Tovar, Consuelo Larrucea de Tovar.
250 _aNueva ed. ref.
260 _aMadrid :
_bGredos,
_cD.L. 1984.
300 _a632 p. ;
_c25 cm.
500 _aIndices.
651 4 _aAmérica del Sur-
_xLenguas.
_97717
700 1 _aLarrucea de Tovar, Consuelo.
_970366
852 _aES-MaACL
_jL-13566
_bR.111342
_z. - Guaflex
999 _c6486
_d6486